Dom Quixote (Record no. 72385)

MARC details
000 -LÍDER
campo de controle de tamanho fixo 00337 a2200157 4500
001 - NÚMERO DE CONTROLE
campo de controle 72385
020 ## - ISBN - INTERNATIONAL STANDARD BOOK NUMBER
ISBN - International Standard Book Number 97885262241954
040 ## - FONTE DA CATALOGAÇÃO
Instituição que transcreveu o registro Anchieta - Colégio São Paulo
100 ## - ENTRADA PRINCIPAL--NOME PESSOAL
Nome pessoal Angeli, José
240 10 - TÍTULO UNIFORME
Título uniforme Dom Quixote
Idioma da obra por
245 10 - TÍTULO
Título Dom Quixote
300 ## - DESCRIÇÃO FÍSICA
Extensão 134
362 0# - DATAS DE PUBLICAÇÃO E/OU DESIGNAÇÃO SEQUENCIAL
Datas de publicação e/ou designação sequencial 2007
650 #4 - ASSUNTO--TERMO TÓPICO
Cabeçalho tópico ou nome geográfico Literatura juvenil
942 ## - ELEMENTOS DE ENTRADA ADICIONADOS (KOHA)
Tipo de material Koha Livros
Holdings
Situação do descarte Situação das perdas Situação física Não pode ser emprestado Biblioteca de origem Biblioteca atual Data de aquisição Total de empréstimos Número de chamada completo Código de barras Data de último acesso Data do preço efetivo Tipo de material Koha
        Colégio São Paulo Colégio São Paulo 22/11/2023   LJ 028.5 A582d 1963/CSP 22/11/2023 22/11/2023 Livros
        Colégio São Paulo Colégio São Paulo 22/11/2023   LJ 028.5 A582d 1964/CSP 22/11/2023 22/11/2023 Livros
        Colégio São Paulo Colégio São Paulo 22/11/2023   LJ 028.5 A582d 1965/CSP 22/11/2023 22/11/2023 Livros
        Colégio São Paulo Colégio São Paulo 22/11/2023   LJ 028.5 A582d 1966/CSP 22/11/2023 22/11/2023 Livros
        Colégio São Paulo Colégio São Paulo 22/11/2023   LJ 028.5 A582d 1967/CSP 22/11/2023 22/11/2023 Livros